|
|
|
|
| LEADER |
00000nam a22000007a 4500 |
| 005 |
20140714230932.0 |
| 007 |
cr|||| |||| |
| 008 |
140714s2009 ar |||||s|||| 00||0 spa d |
| 020 |
|
|
|a 987-1145-24-1
|
| 035 |
|
|
|a 12268
|
| 040 |
|
|
|a vLex
|
| 090 |
|
|
|c 5050
|d 5050
|
| 100 |
1 |
|
|a Ferreyra De De La Ra︢, Angelina
|
| 245 |
1 |
0 |
|a Manual de derecho procesal civil II
|h [Recurso electrn̤ico] /
|c Angelina Ferreyra De De La Ra︢, Manuel E. Rodrg̕uez Jur̀ez
|
| 256 |
|
|
|a Servicio en ln̕ea
|
| 260 |
|
|
|a Cr̤doba:
|b Alveroni Ediciones,
|c 2009
|
| 300 |
|
|
|a 1 recurso electrn̤ico
|
| 506 |
1 |
|
|a Disponible solo en los productos indicados
|d vLex Global
|d vLex Global (Academic Edition, excluding Law Schools)
|d vLex Global (U.S. Academic Edition, Law Schools)
|d vLex Global (U.S. Academic Edition, excluding Law Schools)
|d vLex Global (Academic Edition, Law Schools)
|
| 650 |
0 |
4 |
|a Derecho Civil
|z Argentina
|
| 650 |
0 |
4 |
|a Derecho Procesal
|z Argentina
|
| 650 |
0 |
4 |
|a Procedimiento Civil
|z Argentina
|
| 700 |
1 |
|
|a Rodrg̕uez Jur̀ez, Manuel E.
|
| 740 |
0 |
|
|a vLex Libros (Servicio en ln̕ea)
|
| 856 |
4 |
0 |
|u http://vlex.com/source/manual-de-derecho-procesal-civil-ii-12268
|z Acceso restringido
|
| 942 |
|
|
|c BOOK
|
| 999 |
0 |
|
|a Civil Law
|
| 999 |
0 |
|
|a Litigation
|
| 999 |
0 |
|
|a Civil Procedure
|